Introducción a la psicoanálisis / (Record no. 183356)

MARC details
000 -LEADER
campo de control de longitud fija 00921nam a2200229 i 4500
001 - NÚMERO DE CONTROL
campo de control 183356
003 - IDENTIFICADOR DE NÚMERO DE CONTROL
campo de control ES-MaACL
005 - FECHA Y HORA DE LA ÚLTIMA TRANSACCIÓN
campo de control 20240125063157.0
008 - DATOS DE LONGITUD FIJA--INFORMACIÓN GENERAL
campo de control de longitud fija 140331s1923 sp | |||| ||spa d
080 ## - NÚMERO DE LA CLASIFICACIÓN DECIMAL UNIVERSAL
Número de la Clasificación Decimal Universal 159.964.2
100 1# - ENTRADA PRINCIPAL--NOMBRE DE PERSONA
Nombre de persona Freud, Sigmund,
Fechas asociadas al nombre 1856-1939
9 (RLIN) 52547
245 10 - MENCIÓN DEL TÍTULO
Título Introducción a la psicoanálisis /
Mención de responsabilidad, etc. Sigmund Freud ; traducción directa del alemán de Luis López-Ballesteros y de Torres.
260 ## - PUBLICACIÓN, DISTRIBUCIÓN, ETC.
Lugar de publicación, distribución, etc. Madrid :
Nombre del editor, distribuidor, etc. Biblioteca Nueva,
Fecha de publicación, distribución, etc. [1923] (
Lugar de fabricación/manufactura Segovia :
Fabricante El Adelantado de Segovia)
300 ## - DESCRIPCIÓN FÍSICA
Extensión 2 v. ;
Dimensiones 22 cm.
490 1# - MENCIÓN DE SERIE
Mención de serie Obras completas del profesor S. Freud ;
Designación de volumen o secuencia 4-5
505 8# - NOTA DE CONTENIDO CON FORMATO
Nota de contenido con formato 1. Los actos fallidos y los sueños 2. Teoría general de las neurosis
650 04 - PUNTO DE ACCESO ADICIONAL DE MATERIA--TÉRMINO DE MATERIA
Término de materia o nombre geográfico como elemento de entrada Psicoanálisis.
9 (RLIN) 16530
700 1# - ENTRADA AGREGADA--NOMBRE PERSONAL
Nombre de persona López-Ballesteros y de Torres, Luis.
9 (RLIN) 73432
830 0# - PUNTO DE ACCESO ADICIONAL DE SERIE-TÍTULO UNIFORME
Título uniforme Obras completas del profesor S. Freud ;
Designación de volumen o secuencia 4-5
9 (RLIN) 191914
852 ## - LOCALIZACIÓN
Ubicación ES-MaACL
Número de control de estantería C-21028-29
Holdings
Estatus retirado Estado de pérdida Estado de daño No para préstamo Biblioteca de origen Biblioteca actual Ubicación en estantería Fecha de adquisición Fuente de adquisición Total de préstamos Signatura topográfica completa Código de barras Visto por última vez Precio de reemplazo Tipo de ítem Koha
        Biblioteca del Ateneo de Madrid Biblioteca del Ateneo de Madrid Mesetón 31/03/2014     C-21028-29 1192722 23/02/2023 23/02/2023 Libro impreso